| 000 | 00702nam a2200229Ia 4500 | ||
|---|---|---|---|
| 005 | 20250508170027.0 | ||
| 008 | 008 250505s9999 xx 000 0 eng d | ||
| 020 | _a978-1-138-20086-9 | ||
| 037 | _aReference | ||
| 040 |
_aFEDL _beng _cFEDL |
||
| 041 |
_aeng _2eng |
||
| 084 |
_a304.208 3, BRO/RR _qFEDL |
||
| 100 |
_aBrown Zeta Ed. _9782772 |
||
| 245 | 0 | _aContemporary issues in childhood: A bio- ecological approach | |
| 260 |
_aLondon, UK _bRoutledge _c2018 |
||
| 300 | _axiv, 158p. | ||
| 365 |
_aGBP _b26.99 |
||
| 490 | _aThe Routledge Education Studies Series | ||
| 700 |
_a Ward Stephen Ed. _9782773 |
||
| 942 |
_cREF _h304.208 3, BRO/RR |
||
| 999 |
_c1398752 _d1398752 |
||